[Event "17th Mikhail Chigorin Memorial"]
[Site "Sochi URS"]
[Date "1983.??.??"]
[Round "?"]
[White "Romanishin, Oleg"]
[Black "Inkiov, Ventzislav"]
[WhiteElo "2575"]
[BlackElo "2500"]
[Result "1/2-1/2"]
[EventDate "1983.08.17"]
[PlyCount "121"]

1. Nf3 Nf6 2. g3 d5 3. Bg2 Bf5 4. O-O e6 5. d3 Be7 6. b3 O-O 7. Bb2 h6 8. a4 c5 9. Ne5 Nbd7 10. e4 Bh7 11. exd5 Nxe5 12. Bxe5 exd5 13. Nc3 Qd7 14. Rb1 d4 15. Bxf6 Bxf6 16. Nd5 Be7 17. Nxe7+ Qxe7 18. Re1 Qc7 19. Qf3 Rab8 20. Re2 a6 21. Rbe1 b5 22. Re7 Qb6 23. axb5 axb5 24. Qf4 Bg6 25. h4 c4 26. bxc4 bxc4 27. Bd5 cxd3 28. cxd3 Rbd8 29. Bc4 Qd6 30. Qg4 h5 31. Qg5 Kh7 32. Qb5 Rb8 33. Qe5 Qxe5 34. R7xe5 f6 35. Re7 Rfe8 36. Kg2 Rxe7 37. Rxe7 Rd8 38. Kf3 Kh6 39. Ra7 Kh7 40. Kf4 Kh6 41. Ra6 Kh7 42. f3 Kh6 43. g4 Kh7 44. Rb6 Kh6 45. Kg3 Kh7 46. Kf2 Be8 47. Ra6 Bg6 48. Ra5 Kh6 49. Rc5 hxg4 50. fxg4 Kh7 51. Ra5 Kh6 52. Ra6 Kh7 53. Rb6 Kh6 54. Kg3 Re8 55. Kf4 Re3 56. Rd6 Rh3 57. Rxd4 Rxh4 58. Rd8 Bh7 59. Be6 Rh3 60. g5+ fxg5+ 61. Kg4 1/2-1/2

[Event "17th Mikhail Chigorin Memorial"]
[Site "Sochi URS"]
[Date "1983.??.??"]
[Round "?"]
[White "Romanishin, Oleg"]
[Black "Meduna, Eduard"]
[WhiteElo "2575"]
[BlackElo "2465"]
[Result "1/2-1/2"]
[EventDate "1983.08.17"]
[PlyCount "148"]

1. Nf3 Nf6 2. g3 d5 3. Bg2 Bf5 4. d3 e6 5. Nh4 Bg4 6. h3 Bh5 7. g4 Nfd7 8. Nf3 Bg6 9. Nc3 c6 10. e4 Bb4 11. Bd2 O-O 12. h4 dxe4 13. Nxe4 Bxd2+ 14. Nexd2 f6 15. h5 Bf7 16. Qe2 h6 17. O-O-O Na6 18. a3 Nc7 19. d4 Nd5 20. Nh4 Qc7 21. Be4 e5 22. Nf5 exd4 23. Bxd5 cxd5 24. Nb3 Rfe8 25. Qd2 d3 26. Qxd3 Qf4+ 27. Qd2 Qxd2+ 28. Rxd2 Ne5 29. Rd4 Rad8 30. Rhd1 Rd7 31. Ne3 Red8 32. Ra4 b6 33. Nd4 Rc8 34. b3 g5 35. hxg6 Bxg6 36. Ndf5 Bxf5 37. Nxf5 Kh7 38. Rad4 Rcd8 39. Ne3 Kg7 40. Kb2 Nc6 41. Rxd5 Rxd5 42. Nxd5 Ne5 43. c4 f5 44. gxf5 h5 45. Kc3 h4 46. Re1 Nf3 47. Re3 Ng5 48. Re7+ Kf8 49. f6 Re8 50. Rg7 Ne4+ 51. Kd4 h3 52. Rh7 Ng5 53. Rh5 h2 54. Kd3 Nf3 55. Ne3 Kf7 56. Ke2 Kg6 57. Kxf3 Kxh5 58. Kg2 Kg6 59. Ng4 Rh8 60. Nxh2 Kxf6 61. Kg3 Rd8 62. Ng4+ Ke6 63. Kf4 Rd3 64. b4 a5 65. bxa5 bxa5 66. Ke4 Rxa3 67. Ne3 a4 68. Nc2 Rc3 69. Nd4+ Kd7 70. Nb5 Rxc4+ 71. Kd3 Rb4 72. Nc3 a3 73. Kc2 Ke6 74. f4 Rb8 1/2-1/2

[Event "17th Mikhail Chigorin Memorial"]
[Site "Sochi URS"]
[Date "1983.??.??"]
[Round "?"]
[White "Romanishin, Oleg"]
[Black "Panchenko, Alexander"]
[WhiteElo "2575"]
[BlackElo "2485"]
[Result "1-0"]
[EventDate "1983.08.17"]
[PlyCount "85"]

1. d4 Nf6 2. c4 e6 3. Nf3 b6 4. Nc3 Bb7 5. a3 d5 6. cxd5 Nxd5 7. Bd2 c5 8. e4 Nxc3 9. Bxc3 Bxe4 10. Ne5 a6 11. Qh5 Ra7 12. dxc5 Bxc5 13. Qg4 Bg6 14. Qa4+ Ke7 15. Rd1 Qc8 16. Bd3 Bxd3 17. Rxd3 f6 18. Qg4 Kf8 19. Qh4 Kg8 20. O-O Nd7 21. Nf3 Nf8 22. Rfd1 Be7 23. Bb4 Kf7 24. Bxe7 Rxe7 25. Qe4 Ng6 26. h4 h5 27. Rd6 Qb7 28. Qe3 b5 29. Rb6 Qc7 30. Rxa6 Rb8 31. Re1 Qc4 32. Rd6 Rc8 33. g3 e5 34. b4 Qc3 35. Rb6 Qxe3 36. Rxe3 Ra8 37. Nd2 Rd7 38. Ne4 Rd1+ 39. Kg2 Ra1 40. Nd6+ Ke6 41. Nxb5+ Kd7 42. Rc3 Ne7 43. Rc7+ 1-0

[Event "17th Mikhail Chigorin Memorial"]
[Site "Sochi URS"]
[Date "1983.??.??"]
[Round "?"]
[White "Sokolov, Andrei"]
[Black "Dvoirys, Semen"]
[WhiteElo "2450"]
[BlackElo "2485"]
[Result "1-0"]
[EventDate "1983.08.17"]
[PlyCount "61"]

1. e4 c5 2. Nf3 d6 3. d4 cxd4 4. Nxd4 a6 5. Nc3 Nf6 6. f4 Qc7 7. Bd3 g6 8. O-O Bg7 9. Nf3 b5 10. e5 dxe5 11. fxe5 Ng4 12. Be4 Bb7 13. Bxb7 Qxb7 14. Qd5 Nc6 15. Bf4 Qb6+ 16. Kh1 e6 17. Qe4 b4 18. Na4 Qc7 19. h3 Nh6 20. c3 Rb8 21. Rac1 b3 22. axb3 Nf5 23. Nc5 Qc8 24. Rcd1 Rb5 25. Nd7 Nfe7 26. Nf6+ Bxf6 27. exf6 Nd5 28. Bg5 O-O 29. c4 Rb4 30. Qh4 h5 31. Bd2 1-0

[Event "17th Mikhail Chigorin Memorial"]
[Site "Sochi URS"]
[Date "1983.??.??"]
[Round "?"]
[White "Sokolov, Andrei"]
[Black "Makarichev, Sergey"]
[WhiteElo "2450"]
[BlackElo "2510"]
[Result "1/2-1/2"]
[EventDate "1983.08.17"]
[PlyCount "80"]

1. e4 c5 2. Nf3 d6 3. d4 cxd4 4. Nxd4 Nf6 5. Nc3 Nc6 6. Bc4 Qb6 7. Nb3 e6 8. O-O a6 9. Be3 Qc7 10. f4 b5 11. Bd3 Be7 12. Qf3 Bb7 13. Qh3 h5 14. a4 b4 15. Nd1 Na5 16. Nxa5 Qxa5 17. Nf2 g6 18. b3 d5 19. e5 Ne4 20. Bxe4 dxe4 21. Rad1 Rc8 22. Rd2 Kf8 23. Rfd1 Kg7 24. Rd7 Rc7 25. Rxe7 Rxe7 26. Qh4 Qc7 27. Bb6 Qxb6 28. Qf6+ Kg8 29. Qxe7 Bd5 30. Kf1 Qc6 31. Nxe4 Qxc2 32. Rxd5 exd5 33. Qd8+ Kg7 34. Qf6+ Kg8 35. Nd6 Qd1+ 36. Kf2 Qd2+ 37. Kf1 Qd1+ 38. Kf2 Qd2+ 39. Kf3 Qd3+ 40. Kf2 Qd2+ 1/2-1/2

[Event "17th Mikhail Chigorin Memorial"]
[Site "Sochi URS"]
[Date "1983.??.??"]
[Round "?"]
[White "Sokolov, Andrei"]
[Black "Suba, Mihai"]
[WhiteElo "2450"]
[BlackElo "2555"]
[Result "1/2-1/2"]
[EventDate "1983.08.17"]
[PlyCount "91"]

1. e4 c5 2. Nf3 d6 3. d4 Nf6 4. Nc3 cxd4 5. Nxd4 e6 6. g4 h6 7. h4 a6 8. Rg1 Nfd7 9. g5 hxg5 10. Bxg5 Nf6 11. Qd2 Nc6 12. O-O-O Qb6 13. Nb3 Bd7 14. Rg3 Qc7 15. Bg2 Rc8 16. Qe2 b5 17. f4 b4 18. Nd5 exd5 19. exd5+ Ne7 20. Re1 Nfg8 21. Nd4 Qc4 22. Qe4 Nf6 23. Bxf6 gxf6 24. b3 f5 25. Qe3 Qc5 26. Qd2 Kd8 27. Rd3 Bb5 28. Rde3 Rxh4 29. Nf3 Rxf4 30. Ng5 Qd4 31. Nxf7+ Kd7 32. Qxd4 Rxd4 33. Rh3 Nxd5 34. Rh7 Nf6 35. Ne5+ Kd8 36. Rf7 Be7 37. Ng6 Rg4 38. Nxe7 Rxc2+ 39. Kxc2 Rxg2+ 40. Kc1 Ne4 41. Nxf5 Bd3 42. Nd4 Rxa2 43. Nc6+ Kc8 44. Na7+ Kb8 45. Nc6+ Kc8 46. Na7+ 1/2-1/2

[Event "17th Mikhail Chigorin Memorial"]
[Site "Sochi URS"]
[Date "1983.??.??"]
[Round "?"]
[White "Sokolov, Andrei"]
[Black "Tseshkovsky, Vitaly"]
[WhiteElo "2450"]
[BlackElo "2525"]
[Result "1-0"]
[EventDate "1983.08.17"]
[PlyCount "51"]

1. e4 g6 2. d4 c6 3. Nc3 d5 4. e5 Bg7 5. f4 h5 6. Nf3 Nh6 7. Be3 Bg4 8. Be2 Nf5 9. Bf2 Bxf3 10. Bxf3 Nd7 11. O-O e6 12. g3 Qc7 13. Ne2 f6 14. b3 O-O-O 15. c4 dxc4 16. Qc2 g5 17. bxc4 fxe5 18. fxe5 c5 19. Rab1 b6 20. Nc3 Nxd4 21. Bxd4 cxd4 22. Nb5 d3 23. Qa4 Nc5 24. Nxa7+ Kb8 25. Nc6+ Kc8 26. Ne7+ 1-0

[Event "17th Mikhail Chigorin Memorial"]
[Site "Sochi URS"]
[Date "1983.??.??"]
[Round "?"]
[White "Suba, Mihai"]
[Black "Romanishin, Oleg"]
[WhiteElo "2555"]
[BlackElo "2575"]
[Result "0-1"]
[EventDate "1983.08.17"]
[PlyCount "75"]

1. c4 e5 2. g3 Nf6 3. Bg2 d5 4. cxd5 Nxd5 5. Nc3 Nb6 6. Nf3 Nc6 7. O-O Be7 8. d3 O-O 9. a3 Be6 10. b4 a5 11. b5 Nd4 12. Nxd4 exd4 13. Na4 Bd5 14. Nxb6 cxb6 15. a4 Bxg2 16. Kxg2 Qd5+ 17. Kg1 Bc5 18. e4 dxe3 19. fxe3 Rac8 20. d4 Bb4 21. Qe2 Qb3 22. Ra2 Rfe8 23. Qb2 Qd3 24. Qe2 Qe4 25. Qf2 f6 26. Re2 Rc4 27. Bb2 Bf8 28. Qe1 Rxa4 29. Rf4 Qd3 30. e4 Qxb5 31. Qd1 Rb4 32. Rf5 Qd7 33. Rf1 a4 34. Qd3 b5 35. Qf3 Rxb2 36. Rxb2 Qxd4+ 37. Rbf2 Bc5 38. Kg2 0-1

[Event "17th Mikhail Chigorin Memorial"]
[Site "Sochi URS"]
[Date "1983.??.??"]
[Round "?"]
[White "Suba, Mihai"]
[Black "Sveshnikov, Evgeny"]
[WhiteElo "2555"]
[BlackElo "2515"]
[Result "0-1"]
[EventDate "1983.08.17"]
[PlyCount "96"]

1. c4 e6 2. Nc3 d5 3. d4 c6 4. Nf3 Nf6 5. Bg5 h6 6. Bxf6 Qxf6 7. Qb3 a5 8. Rc1 a4 9. Nxa4 dxc4 10. Qc2 Bb4+ 11. Kd1 b5 12. Nc3 O-O 13. a3 Bxc3 14. Qxc3 Rd8 15. Ke1 Nd7 16. Ne5 Bb7 17. e3 c5 18. Nxd7 Rxd7 19. dxc5 Qxc3+ 20. Rxc3 Rad8 21. Be2 Bxg2 22. Rg1 Bc6 23. Rc1 Rd2 24. Rd1 Rxd1+ 25. Bxd1 c3 26. bxc3 Rd3 27. Be2 Rxc3 28. Kd2 Rxa3 29. Rb1 Ra2+ 30. Ke1 Ra5 31. Kd2 Kf8 32. Rb2 Ke7 33. Kc3 Kd7 34. Kb4 Ra4+ 35. Kc3 Rh4 36. Bxb5 Rxh2 37. Kb4 Rh1 38. Rd2+ Kc7 39. Bxc6 Kxc6 40. Rd6+ Kc7 41. Kb5 Rb1+ 42. Kc4 h5 43. f4 h4 44. Rd2 Rh1 45. Kd4 h3 46. Ke5 h2 47. e4 Kc6 48. Rc2 Kd7 0-1

[Event "17th Mikhail Chigorin Memorial"]
[Site "Sochi URS"]
[Date "1983.??.??"]
[Round "?"]
[White "Sveshnikov, Evgeny"]
[Black "Chekhov, Valery"]
[WhiteElo "2515"]
[BlackElo "2530"]
[Result "1/2-1/2"]
[EventDate "1983.08.17"]
[PlyCount "155"]

1. e4 e5 2. Nf3 Nc6 3. Bc4 Bc5 4. c3 Nf6 5. d4 exd4 6. cxd4 Bb4+ 7. Bd2 Bxd2+ 8. Nbxd2 d5 9. exd5 Nxd5 10. Qb3 Nce7 11. O-O O-O 12. Rfe1 c6 13. Ne4 Qb6 14. Qa3 Bg4 15. Ne5 Qxd4 16. Nd6 Be6 17. Nxb7 Ng6 18. Rad1 Qh4 19. g3 Qh5 20. Nxc6 Ndf4 21. Bf1 Bg4 22. Rc1 Nh3+ 23. Bxh3 Bxh3 24. Rc5 Rae8 25. Rec1 Qe2 26. Qc3 Qe4 27. f3 Qe2 28. Qc2 Qxf3 29. Qf2 Qd3 30. R5c2 Ne5 31. Nxe5 Rxe5 32. Nc5 Qd5 33. b4 Rd8 34. Re1 Qd1 35. Rce2 Rxe2 36. Qxe2 Qd4+ 37. Qe3 h5 38. Ne4 Qxb4 39. Ng5 Bf5 40. Rf1 Bg6 41. Qxa7 Qb5 42. Nf3 Qd5 43. Rf2 Qe4 44. Rd2 Rc8 45. Kf2 Qb1 46. Qa5 f6 47. Rd8+ Rxd8 48. Qxd8+ Kh7 49. Qd5 Qb2+ 50. Qd2 Qa3 51. Qd5 Qa7+ 52. Nd4 Bf7 53. Qf5+ Kh8 54. Qc8+ Bg8 55. Ke3 Qa3+ 56. Kf2 Qxa2+ 57. Ne2 Qa7+ 58. Kf1 Qe3 59. Qf5 Bf7 60. Ke1 Qe8 61. Kf2 Bg6 62. Qf3 Be4 63. Qe3 Qe5 64. Nc3 Bc6 65. Qxe5 fxe5 66. h4 Kh7 67. Ke3 Kg6 68. Nd1 Kf5 69. Nf2 Be8 70. Kd2 Bg6 71. Ke3 Ke6 72. Nd1 Bc2 73. Nf2 Kd5 74. Nh3 Bf5 75. Nf2 g6 76. Nd1 Kc4 77. Kf2 Kd3 78. Ne3 1/2-1/2

[Event "17th Mikhail Chigorin Memorial"]
[Site "Sochi URS"]
[Date "1983.??.??"]
[Round "?"]
[White "Sveshnikov, Evgeny"]
[Black "Geller, Efim"]
[WhiteElo "2515"]
[BlackElo "2550"]
[Result "1/2-1/2"]
[EventDate "1983.08.17"]
[PlyCount "30"]

1. e4 e5 2. Nf3 Nc6 3. Bc4 Nf6 4. d4 exd4 5. O-O Nxe4 6. Re1 d5 7. Bxd5 Qxd5 8. Nc3 Qa5 9. Nxe4 Be6 10. Bd2 Qf5 11. Bg5 Bd6 12. Nxd4 Nxd4 13. Qxd4 O-O 14. Nxd6 Qxg5 15. Ne4 Qd5 1/2-1/2

[Event "17th Mikhail Chigorin Memorial"]
[Site "Sochi URS"]
[Date "1983.??.??"]
[Round "?"]
[White "Sveshnikov, Evgeny"]
[Black "Panchenko, Alexander"]
[WhiteElo "2515"]
[BlackElo "2485"]
[Result "1/2-1/2"]
[EventDate "1983.08.17"]
[PlyCount "29"]

1. d4 Nf6 2. c4 c6 3. Nc3 d5 4. Nf3 dxc4 5. a4 Bf5 6. e3 e6 7. Bxc4 Bb4 8. O-O O-O 9. Bd2 a5 10. h3 h6 11. Qe2 Bh7 12. Rad1 Nbd7 13. Rfe1 Qe7 14. Bd3 Bxd3 15. Qxd3 1/2-1/2

[Event "17th Mikhail Chigorin Memorial"]
[Site "Sochi URS"]
[Date "1983.??.??"]
[Round "?"]
[White "Sveshnikov, Evgeny"]
[Black "Sokolov, Andrei"]
[WhiteElo "2515"]
[BlackElo "2450"]
[Result "1-0"]
[EventDate "1983.08.17"]
[PlyCount "83"]

1. e4 c5 2. c3 d5 3. exd5 Qxd5 4. d4 e6 5. Nf3 Nf6 6. Na3 Be7 7. Nb5 Na6 8. c4 Qe4+ 9. Be2 cxd4 10. O-O O-O 11. Bd3 Qg4 12. Re1 Nd7 13. Be2 Qg6 14. Nfxd4 Rd8 15. Bh5 Qf6 16. Bg5 Qxg5 17. Bxf7+ Kxf7 18. Nxe6 Qg6 19. Qd5 Nf6 20. Nxd8+ Kf8 21. Qe5 Bc5 22. Nd4 Kg8 23. N8e6 Bxe6 24. Qxe6+ Kh8 25. Nb3 h6 26. Re5 Bxf2+ 27. Kxf2 Re8 28. Qf5 Ng4+ 29. Qxg4 Qxg4 30. Rxe8+ Kh7 31. Kg1 Nb4 32. Rae1 Nd3 33. R8e4 Qg6 34. R1e2 Nxb2 35. h3 Nd1 36. Rd4 Nc3 37. Re7 Qf5 38. Rg4 Qf6 39. Rxb7 Ne2+ 40. Kh2 Qe5+ 41. g3 h5 42. Rbxg7+ 1-0

[Event "17th Mikhail Chigorin Memorial"]
[Site "Sochi URS"]
[Date "1983.??.??"]
[Round "?"]
[White "Tseshkovsky, Vitaly"]
[Black "Dvoirys, Semen"]
[WhiteElo "2525"]
[BlackElo "2485"]
[Result "1/2-1/2"]
[EventDate "1983.08.17"]
[PlyCount "244"]

1. e4 c5 2. Nf3 d6 3. d4 cxd4 4. Nxd4 Nf6 5. Nc3 a6 6. Be2 e5 7. Nb3 Be7 8. O-O Be6 9. Be3 Nbd7 10. a4 Rc8 11. Qd2 Nb6 12. Rfd1 Nc4 13. Bxc4 Rxc4 14. f3 O-O 15. a5 Qc8 16. Bb6 Nd7 17. Bf2 Kh8 18. Rac1 f5 19. exf5 Rxf5 20. Qe1 Rc6 21. Rd2 Nf6 22. Bg3 Nh5 23. Bh4 Bxh4 24. Qxh4 Nf4 25. Re1 d5 26. Ne2 Ng6 27. Qb4 Rc4 28. Qb6 Rf6 29. Ng3 d4 30. Ne4 Rc6 31. Qb4 Rf4 32. Nbc5 Bd5 33. c3 Bxe4 34. Nxe4 dxc3 35. bxc3 Rf8 36. Red1 Rc7 37. Qb6 Nf4 38. c4 h6 39. c5 Kh7 40. Nd6 Qb8 41. Qb1+ Kh8 42. Rb2 Qa7 43. Nxb7 Rb8 44. Qe4 Ne6 45. Qxe5 Rcxb7 46. Rxb7 Rxb7 47. Qxe6 Qxc5+ 48. Kf1 Qb5+ 49. Kf2 Qc5+ 50. Kf1 Qb5+ 51. Kg1 Qc5+ 52. Kh1 Rb8 53. Qxa6 Qd5 54. Ra1 Ra8 55. Qb6 Qe5 56. Ra3 Qe1+ 57. Qg1 Qb4 58. Qa1 Re8 59. Rc3 Qxa5 60. Qc1 Qg5 61. Qb1 Qb5 62. Qg1 Qe2 63. Rc1 Qd2 64. h3 Qe3 65. Qd1 Qf4 66. Rb1 Qe3 67. Qa4 Qe5 68. Rd1 Qe3 69. Qa5 Qe5 70. Qb6 Qe2 71. Rd5 Qe3 72. Qc7 Qe7 73. Qc2 Qh4 74. Qc7 Qe7 75. Qf4 Qe3 76. Qf7 Qe6 77. Qh5 Qe3 78. Qg4 Qe6 79. Qa4 Qe7 80. h4 Rf8 81. Ra5 Qe8 82. Qb4 Qb8 83. Qxb8 Rxb8 84. Kh2 Rb7 85. g4 Kg8 86. Kg3 g6 87. Kf4 Kf7 88. Rc5 Re7 89. Re5 Ra7 90. Rd5 Re7 91. Rd6 Ra7 92. h5 gxh5 93. gxh5 Kg7 94. Ke5 Re7+ 95. Re6 Ra7 96. Rg6+ Kh7 97. Rd6 Kg7 98. f4 Re7+ 99. Re6 Rf7 100. Rg6+ Kh7 101. f5 Ra7 102. Rd6 Kg7 103. Ke6 Rf7 104. Rd1 Ra7 105. Ke5 Rf7 106. Rg1+ Kh7 107. Rg6 Ra7 108. Rd6 Kg7 109. Ke6 Rf7 110. Rd2 Rf6+ 111. Ke5 Rf7 112. Rg2+ Kh7 113. Ke6 Rf8 114. Rd2 Kg8 115. Rd6 Ra8 116. Kf6 Ra2 117. Rd8+ Kh7 118. Kf7 Ra7+ 119. Ke6 Ra2 120. f6 Re2+ 121. Kd7 Rf2 122. Rf8 Rd2+ 1/2-1/2

[Event "17th Mikhail Chigorin Memorial"]
[Site "Sochi URS"]
[Date "1983.??.??"]
[Round "?"]
[White "Tseshkovsky, Vitaly"]
[Black "Romanishin, Oleg"]
[WhiteElo "2525"]
[BlackElo "2575"]
[Result "0-1"]
[EventDate "1983.08.17"]
[PlyCount "130"]

1. e4 e5 2. Nf3 Nc6 3. Bb5 a6 4. Ba4 Nf6 5. O-O Be7 6. Re1 b5 7. Bb3 d6 8. c3 O-O 9. h3 Na5 10. Bc2 c5 11. d4 Nd7 12. Nbd2 cxd4 13. cxd4 Nc6 14. Nb3 a5 15. Be3 a4 16. Nc1 exd4 17. Nxd4 Nxd4 18. Bxd4 Ne5 19. Nd3 Bf6 20. Nb4 Be6 21. Rb1 Rc8 22. Bc3 Ng6 23. Re3 Bxc3 24. bxc3 Qg5 25. Qf3 Rc4 26. Nd5 Rc5 27. Rd1 Ne5 28. Qg3 Qxg3 29. Rxg3 Bxd5 30. Rxd5 Rxd5 31. exd5 Rc8 32. Kf1 Rc5 33. Be4 g6 34. Ke2 Kf8 35. f4 Nd7 36. Rd3 Rc4 37. Re3 Nc5 38. Bf3 Rxf4 39. Kd2 b4 40. cxb4 Rxb4 41. Kc3 Rb1 42. Kc2 Rf1 43. Re2 f5 44. Kb2 Kf7 45. Ka3 Rc1 46. Kb4 Rb1+ 47. Ka3 h5 48. Re3 h4 49. Re2 Rb8 50. Rd2 Kf6 51. Re2 g5 52. Re1 Rg8 53. Bd1 g4 54. hxg4 fxg4 55. Rf1+ Kg5 56. Bc2 h3 57. gxh3 g3 58. Rf3 Kh4 59. Rf4+ Kxh3 60. Bf5+ Kg2 61. Bg4 Re8 62. Bf3+ Kh2 63. Rh4+ Kg1 64. Kb4 Re3 65. Bh1 Nd3+ 0-1

[Event "17th Mikhail Chigorin Memorial"]
[Site "Sochi URS"]
[Date "1983.??.??"]
[Round "?"]
[White "Tseshkovsky, Vitaly"]
[Black "Sveshnikov, Evgeny"]
[WhiteElo "2525"]
[BlackElo "2515"]
[Result "0-1"]
[EventDate "1983.08.17"]
[PlyCount "56"]

1. e4 c5 2. Nf3 Nc6 3. Nc3 e5 4. Bc4 d6 5. d3 Be7 6. Ng5 Bxg5 7. Qh5 Be7 8. Qxf7+ Kd7 9. Qxg7 Nf6 10. f4 Qf8 11. Qg3 exf4 12. Qxf4 Ne5 13. O-O Nxc4 14. dxc4 Qg7 15. e5 Rg8 16. Qd2 Ng4 17. exd6 Bf6 18. Qe2 Bd4+ 19. Kh1 Nxh2 20. Rf5 Ng4 21. Nb5 Re8 22. Qf1 Kc6 23. Nxa7+ Kb6 24. Nxc8+ Raxc8 25. c3 Be3 26. Rh5 Re5 27. Rh4 Rf8 28. Qe2 Bf4 0-1